| 000 | 00486nam a2200169 4500 | ||
|---|---|---|---|
| 001 | 1857 | ||
| 005 | 20181127164117.0 | ||
| 010 | 0 | 0 | _a |
| 020 | 0 | 0 | _a0451125398 |
| 090 | 0 | 0 | _a423.1 R732n 1978 |
| 100 | 0 | 0 | _aMorehead, Philip D. |
| 245 | 0 | 0 |
_aRoget's college thesaurus in dictionary form / _b _cPhilip D. Morehead. _h |
| 260 | 0 | 0 |
_aNew York: _bSignet, _c1978. |
| 300 | 0 | 0 | _a572 p. |
| 500 | 0 | 0 | _aRevised and updated by Philip D. Morehead. |
| 650 | 0 | 0 |
_aEnglish language --Synonyms and antonyms. _x |
| 999 |
_c1421 _d1421 |
||